Klinische Psychologie / 1 Grundlagen und Aufgaben klinischer Psychologie, Definition, Klassifikation und Entstehung psychischer Störungen

Gespeichert in:  
Bibliographische Detailangaben
Medienart: Druck Buch
Sprache:Deutsch
Veröffentlicht: Stuttgart Berlin Köln Kohlhammer 1990
In: Klinische Psychologie
Jahr: 1990
Ausgabe:2., überarb. Aufl.
Bestand in Tübingen:In Tübingen vorhanden.
IFK: N IX 65
Verfügbarkeit prüfen: HBZ Gateway
Subito Bestelldienst: Jetzt bestellen.

MARC

LEADER 00000cam a22000002cc4500
001 1091585598
003 DE-627
005 20240425204204.0
007 tu
008 900912s1990 xx ||||| 00| ||ger c
020 |a 3170107127  |9 3-17-010712-7 
035 |a (DE-627)1091585598 
035 |a (DE-576)021585598 
035 |a (DE-599)BSZ021585598 
035 |a (OCoLC)311323836 
035 |a (OCoLC)75130910 
040 |a DE-627  |b ger  |c DE-627  |e rakwb 
041 |a ger 
084 |a CU 1000  |2 rvk  |0 (DE-625)rvk/19079: 
245 0 0 |a Klinische Psychologie  |n 1  |p Grundlagen und Aufgaben klinischer Psychologie, Definition, Klassifikation und Entstehung psychischer Störungen  |c Reiner H. E. Bastine 
250 |a 2., überarb. Aufl. 
264 1 |a Stuttgart  |a Berlin  |a Köln  |b Kohlhammer  |c 1990 
300 |a 313 S. 
336 |a Text  |b txt  |2 rdacontent 
337 |a ohne Hilfsmittel zu benutzen  |b n  |2 rdamedia 
338 |a Band  |b nc  |2 rdacarrier 
583 1 |a Archivierung/Langzeitarchivierung gewährleistet  |f PEBW  |x XA-DE-BW  |2 pdager  |5 DE-24 
773 1 8 |a Klinische Psychologie  |w (DE-627)1079342400  |w (DE-576)009342400  |g 1  |q 1,2  |7 nnam 
936 r v |a CU 1000  |b Einführung, Grundfragen, Lehrbücher, Kompendien  |k Psychologie  |k Klinische Psychologie  |k Einführung, Grundfragen, Lehrbücher, Kompendien  |0 (DE-627)1271488132  |0 (DE-625)rvk/19079:  |0 (DE-576)201488132 
951 |a MV 
ELC |b 1 
LOK |0 000 xxxxxcx a22 zn 4500 
LOK |0 001 2150715317 
LOK |0 003 DE-627 
LOK |0 004 1091585598 
LOK |0 005 20250219152953 
LOK |0 008 930216||||||||||||||||ger||||||| 
LOK |0 040   |a DE-21-110  |c DE-627  |d DE-21-110 
LOK |0 852   |a DE-21-110 
LOK |0 852 1  |c N IX 65  |m p  |9 00 
LOK |0 935   |a k110 
LOK |0 936ln  |a 8.7.9 
LOK |0 938   |k p 
LOK |0 939   |a 16-02-93  |b l01 
ORI |a SA-MARC-krimdoka001.raw 
SIG |a IFK: N IX 65